| 000 | 00848pam a2200289 a 4500 | ||
|---|---|---|---|
| 999 |
_c526955 _d526955 |
||
| 001 | 1491800 | ||
| 003 | NUST | ||
| 005 | 20190720092716.0 | ||
| 008 | 880303s1988 nju 001 0 eng | ||
| 010 | _a 88005934 | ||
| 020 | _a0131103709 | ||
| 020 | _a0131103628 (pbk.) | ||
| 038 | _aArshad | ||
| 040 |
_aDLC _cDLC _dDLC |
||
| 050 | 0 | 0 |
_aQA76.73.C15 _bK47 1988 |
| 082 | 0 | 0 |
_a005.133 _bKER |
| 100 | 1 |
_aKernighan, Brian W. _917967 |
|
| 245 | 1 | 4 |
_aThe C programming language / _cBrian W. Kernighan, Dennis M. Ritchie. |
| 250 | _a2nd ed. | ||
| 260 |
_aNew Jersey : _bPrentice Hall, _c1988. |
||
| 300 |
_axii, 272 p. ; _c25 cm. |
||
| 500 | _aIncludes index. | ||
| 650 | 0 |
_aC (Computer program language) _91226 |
|
| 700 | 1 |
_aRitchie, Dennis M., _d1941-2011. _917968 |
|
| 906 |
_a7 _bcbc _corignew _d1 _eocip _f19 _gy-gencatlg |
||
| 942 |
_2ddc _cBK |
||